Paradoxy učenia katolicizmu

Bibliographic Details
Main Authors: Sidor, Milan (Author), Lúčanský, L. (Author)
Format: Article
Language:Slovak
PhysicalDescription:Obr. 1.
Subjects:

MARC

LEADER 00000nab a2200000 a 4500
001 vtls000039767
003 SK-MaSNL
005 20260304210213.0
008 111103c1979 xo 0 slo
015 |a SNBRB19rr/mm-uuuuu 
035 |a CL0049862 
040 |a SNKBUCL  |b slo  |c SNKBUCL  |e AACR2 
041 0 |a slo 
044 |a xo  |c SK 
080 |a 2  |2 1981 
080 |a 304  |2 1981 
100 1 |a Sidor, Milan  |4 aut  |9 279070 
245 1 0 |a Paradoxy učenia katolicizmu  |c Milan Sidor 
300 |b Obr. 1. 
500 |a /Východoslovenské noviny č. 235./ 
610 2 7 |a Katolícka cirkev  |2 snkbucl  |9 206702 
650 0 7 |a sociálna politika  |2 snkbucl  |9 2333 
655 7 |a články z novín a časopisov  |2 snkbucl  |9 267496 
700 1 |a Lúčanský, L.  |4 aut  |9 379263 
773 0 |t Príloha VN  |g Roč. 28, č. 40 (5. 10. 1979), s. 6 
787 0 8 |i Rec.:  |a Lučanský, L.  |t Sociálna náuka cirkvi  |d Vatikán 
850 |a Slovenská národná knižnica v Martine  |a MTA001 
852 |a SNK  |b KIS3GCP 
958 |a RK 
992 |a RBX 
999 |c 3124987  |d 3126917